000
00250nam a2200097Ia 4500
082
_a
J 338.47664 BOWD
245
0
_a
The food industry
100
_a
BOWDEN, Rob London, 2009
_9
14224
942
_c
BK
008
210817s9999 xx 000 0 und d
999
_c
398180
_d
398179